000 02150nam a22004577a 4500
003 AR-RoUNA
005 20250422114108.0
008 250422b |||||||| |||| 00| 0 spa d
020 _a958-8051-789
040 _aAR-RoUNA
_bspa
_dAR-RoUNA
041 _aspa
044 _aag
245 _aLa ciudad
_b: hábitat de diversidad y complejidad /
_ccompiladores Carlos Alberto Torres Tovar; Fernando Viviescas Monsalve y Edmundo Pérez Hernández.
260 _aSanta Fe de Bogotá (Colombia):
_bUniversidad Nacional de Colombia, Sede Santafé de Bogotá,
_c2000
300 _a349 p.
_c24x17 cm.
505 0 _tCONTENIDO
505 0 _aVíctor Manuel Moncayo Cruz / La problemática urbana hoy. p. 19
505 0 _aGustavo Montañez Gómez / pensar la ciudad. p. 31
505 0 _tLA CIUDAD Y EL SIGLO XX
505 0 _aFernando Viviescas / pensar la ciudad colombiana: el reto del siglo XXi. p. 40
505 0 _tLA CIUDAD EN LA REFLEXION FILOSOFICA
505 0 _aBernardo Correa / La ciudad en la reflexión filosófica. p. 64
505 0 _aRubén Jaramillo Vélez / el rencor ante la ciudad. p. 72
505 0 _tEL PENSAR Y LA CONSTRUCCION DE LA CIUDADANIA
505 0 _aGuillermo Hoyos Vázquez / Ética para ciudadanos. p. 82
505 0 _a Armando Silva téllez / Ciudadano, mente y tecnología. p. 109
505 0 _tLA CIUDAD EN LA HISTORIA
505 0 _aFabio Zambrano P. / La ciudad en la historia. p. 122
505 0 _tLA ARQUITECTURA EN LA CIUDAD
505 0 _aSilvia Arango y Rogelio Salmona / La arquitectura en la ciudad. p. 150
505 0 _tLA CIUDAD Y LA SIGNIFICACION CULTURAL DE SU CONSTRUCCION
505 0 _aAlberto Saldarriaga / Imagen y memoria en la construcción cultural del a ciudad. p. 154
505 0 _a Juan Carlos Pérgolis / LA Plaza de Bolívar de Bogotá. p. 167
650 _aUrbanismo
_vCiudad
_vHábitat
700 _aTorres Tovas, Carlos Alberto
_ecom
_927067
700 _aViviescas Monsalve, Fernando
_927068
_ecom
700 _aPérez Hernández, Edmundo
_ecom
_927069
942 _2udc
945 _d2025-04-22
980 _65
_aMaría Machado
_85
_gMaría Machado
999 _c11923
_d11923